Every Tag Team Title match in WrestleMania History - Statistics

General Stats
  • This quiz has been taken 522 times
    178 since last reset
  • The average score is 131 of 224
Answer Stats
WM Year Title Match Type Wrestler % Correct
XXVIII 2012 WWE Tag Team 3-Team Match Jey Uso
96%
XXX 2014 WWE Tag Team 4-Team Elimination Match Jey Uso
96%
31 2015 WWE Tag Team 4-Team Match Jey Uso
96%
34 2018 SmackDown Tag Team 3-Team Match Jey Uso
96%
35 2019 SmackDown Tag Team 4-Team Match Jey Uso
96%
38 2022 SmackDown Tag Team Jey Uso
96%
39 2023 Undisputed WWE Tag Team Jey Uso
96%
XXVIII 2012 WWE Tag Team 3-Team Match Jimmy Uso
95%
XXX 2014 WWE Tag Team 4-Team Elimination Match Jimmy Uso
95%
31 2015 WWE Tag Team 4-Team Match Jimmy Uso
95%
34 2018 SmackDown Tag Team 3-Team Match Jimmy Uso
95%
35 2019 SmackDown Tag Team 4-Team Match Jimmy Uso
95%
36 2020 SmackDown Tag Team Triple Threat Singles Ladder Match Jimmy Uso
95%
38 2022 SmackDown Tag Team Jimmy Uso
95%
39 2023 Undisputed WWE Tag Team Jimmy Uso
95%
31 2015 WWE Tag Team 4-Team Match Big E
93%
34 2018 SmackDown Tag Team 3-Team Match Big E
93%
36 2020 SmackDown Tag Team Triple Threat Singles Ladder Match Kofi Kingston
93%
37 2021 Raw Tag Team Kofi Kingston
93%
37 2021 Raw Tag Team Xavier Woods
93%
31 2015 WWE Tag Team 4-Team Match Kofi Kingston
92%
34 2018 SmackDown Tag Team 3-Team Match Kofi Kingston
92%
XL 2024 Undisputed WWE Tag Team 12-Pack Ladder match Kofi Kingston
92%
41 2025 World Tag Team Kofi Kingston
92%
16 2000 WWF Tag Team Triangle Ladder Match Jeff Hardy
88%
X-7 2001 WWF Tag Team 3-Team TLC Match Jeff Hardy
88%
X-8 2002 WWF Tag Team 4-Team Elimination Match Jeff Hardy
88%
33 2017 Raw Tag Team 4-Team Ladder Match Jeff Hardy
88%
16 2000 WWF Tag Team Triangle Ladder Match Matt Hardy
88%
X-7 2001 WWF Tag Team 3-Team TLC Match Matt Hardy
88%
X-8 2002 WWF Tag Team 4-Team Elimination Match Matt Hardy
88%
33 2017 Raw Tag Team 4-Team Ladder Match Matt Hardy
88%
XL 2024 Undisputed WWE Tag Team 12-Pack Ladder match Xavier Woods
88%
41 2025 World Tag Team Xavier Woods
88%
16 2000 WWF Tag Team Triangle Ladder Match Edge
86%
X-7 2001 WWF Tag Team 3-Team TLC Match Edge
86%
36 2020 SmackDown Tag Team Triple Threat Singles Ladder Match John Morrison
85%
XL 2024 Undisputed WWE Tag Team 12-Pack Ladder match The Miz
85%
16 2000 WWF Tag Team Triangle Ladder Match Bubba Ray Dudley
83%
X-7 2001 WWF Tag Team 3-Team TLC Match Bubba Ray Dudley
83%
X-8 2002 WWF Tag Team 4-Team Elimination Match Bubba Ray Dudley
83%
XX 2004 World Tag Team 4-Team Match Bubba Ray Dudley
83%
33 2017 Raw Tag Team 4-Team Ladder Match Cesaro
83%
34 2018 Raw Tag Team Cesaro
83%
35 2019 SmackDown Tag Team 4-Team Match Cesaro
83%
16 2000 WWF Tag Team Triangle Ladder Match Christian
83%
X-7 2001 WWF Tag Team 3-Team TLC Match Christian
83%
16 2000 WWF Tag Team Triangle Ladder Match D-Von Dudley
83%
X-7 2001 WWF Tag Team 3-Team TLC Match D-Von Dudley
83%
X-8 2002 WWF Tag Team 4-Team Elimination Match D-Von Dudley
83%
XX 2004 World Tag Team 4-Team Match D-Von Dudley
83%
XIV 1998 WWF Tag Team Dumpster Match Road Dogg
83%
33 2017 Raw Tag Team 4-Team Ladder Match Sheamus
83%
34 2018 Raw Tag Team Sheamus
83%
35 2019 SmackDown Tag Team 4-Team Match Sheamus
83%
XXVI 2010 Unified WWE Tag Team The Miz
83%
29 2013 WWE Tag Team Kane
82%
22 2006 World Tag Team Kane
81%
XIV 1998 WWF Tag Team Dumpster Match Billy Gunn
78%
X 1994 WWF Tag Team Mo
78%
34 2018 Raw Tag Team Nicholas
77%
38 2022 Raw Tag Team 3-Team Match Randy Orton
73%
XXVI 2010 Unified WWE Tag Team R-Truth
73%
XL 2024 Undisputed WWE Tag Team 12-Pack Ladder match R-Truth
73%
22 2006 World Tag Team The Big Show
73%
XXVI 2010 Unified WWE Tag Team The Big Show
73%
II 1986 WWF Tag Team Dynamite Kid
72%
VII 1991 WWF Tag Team Bret Hart
71%
29 2013 WWE Tag Team Big E Langston
70%
XXX 2014 WWE Tag Team 4-Team Elimination Match Cesaro
69%
31 2015 WWE Tag Team 4-Team Match Cesaro
69%
39 2023 Undisputed WWE Tag Team Kevin Owens
69%
39 2023 Undisputed WWE Tag Team Sami Zayn
69%
XI 1995 WWF Tag Team Owen Hart
68%
13 1997 WWF Tag Team Owen Hart
68%
XV 1999 WWF Tag Team Owen Hart
68%
34 2018 Raw Tag Team Braun Strowman
66%
XIV 1998 WWF Tag Team Dumpster Match Cactus Jack
66%
41 2025 World Tag Team Ivar
66%
XXVI 2010 Unified WWE Tag Team John Morrison
66%
13 1997 WWF Tag Team Mankind
66%
XL 2024 Undisputed WWE Tag Team 12-Pack Ladder match Austin Theory
65%
41 2025 World Tag Team Erik
65%
XL 2024 Undisputed WWE Tag Team 12-Pack Ladder match Finn Balor
65%
35 2019 WWE Women's Tag Team 4-Team Match Sasha Banks
65%
38 2022 WWE Women's Tag Team 4-Team match Sasha Banks
64%
29 2013 WWE Tag Team Daniel Bryan
63%
36 2020 Raw Tag Team Austin Theory
62%
35 2019 WWE Women's Tag Team 4-Team Match Bayley
62%
XL 2024 Undisputed WWE Tag Team 12-Pack Ladder match Damian Priest
61%
XL 2024 Undisputed WWE Tag Team 12-Pack Ladder match Grayson Waller
61%
IV 1988 WWF Tag Team Ax
60%
V 1989 WWF Tag Team 3-on-2 Handicap Match Ax
60%
VI 1990 WWF Tag Team Ax
60%
X-8 2002 WWF Tag Team 4-Team Elimination Match Billy
59%
33 2017 Raw Tag Team 4-Team Ladder Match Karl Anderson
59%
XIX 2003 WWE Tag Team 3-Team Match Shelton Benjamin
59%
XX 2004 WWE Tag Team 4-Team Match Shelton Benjamin
59%
XI 1995 WWF Tag Team Billy Gunn
58%
IX 1993 WWF Tag Team Hulk Hogan
58%
33 2017 Raw Tag Team 4-Team Ladder Match Luke Gallows
58%
13 1997 WWF Tag Team The British Bulldog
58%
XIX 2003 WWE Tag Team 3-Team Match Eddie Guerrero
57%
34 2018 SmackDown Tag Team 3-Team Match Harper
57%
XL 2024 Undisputed WWE Tag Team 12-Pack Ladder match Johnny Gargano
57%
34 2018 SmackDown Tag Team 3-Team Match Rowan
57%
XIX 2003 WWE Tag Team 3-Team Match Chavo Guerrero
56%
36 2020 WWE Women's Tag Team Alexa Bliss
55%
36 2020 Raw Tag Team Angelo Dawkins
55%
38 2022 Raw Tag Team 3-Team Match Angelo Dawkins
55%
36 2020 WWE Women's Tag Team Asuka
55%
XI 1995 WWF Tag Team Bart Gunn
55%
36 2020 Raw Tag Team Montez Ford
55%
38 2022 Raw Tag Team 3-Team Match Montez Ford
55%
II 1986 WWF Tag Team Davey Boy Smith
54%
29 2013 WWE Tag Team Dolph Ziggler
54%
37 2021 Raw Tag Team AJ Styles
53%
VII 1991 WWF Tag Team Jim Neidhart
53%
38 2022 Raw Tag Team 3-Team Match Matt Riddle
53%
38 2022 WWE Women's Tag Team 4-Team match Naomi
53%
IV 1988 WWF Tag Team Smash
53%
V 1989 WWF Tag Team 3-on-2 Handicap Match Smash
53%
VI 1990 WWF Tag Team Smash
53%
XL 2024 Undisputed WWE Tag Team 12-Pack Ladder match Tommaso Ciampa
53%
XIX 2003 WWE Tag Team 3-Team Match Chris Benoit
52%
36 2020 WWE Women's Tag Team Kairi Sane
52%
38 2022 WWE Women's Tag Team 4-Team match Liv Morgan
52%
35 2019 WWE Women's Tag Team 4-Team Match Nia Jax
52%
37 2021 WWE Women's Tag Team Nia Jax
52%
XIX 2003 WWE Tag Team 3-Team Match Charlie Haas
51%
XX 2004 WWE Tag Team 4-Team Match Charlie Haas
51%
XX 2004 World Tag Team 4-Team Match Rob Van Dam
51%
35 2019 WWE Women's Tag Team 4-Team Match Natalya
50%
37 2021 WWE Women's Tag Team Natalya
50%
38 2022 WWE Women's Tag Team 4-Team match Natalya
50%
33 2017 Raw Tag Team 4-Team Ladder Match Big Cass
49%
XIV 1998 WWF Tag Team Dumpster Match Chainsaw Charlie
49%
XX 2004 World Tag Team 4-Team Match Booker T
48%
33 2017 Raw Tag Team 4-Team Ladder Match Enzo Amore
48%
36 2020 WWE Women's Tag Team Nikki Cross
48%
35 2019 WWE Women's Tag Team 4-Team Match Tamina Snuka
48%
37 2021 WWE Women's Tag Team Tamina Snuka
48%
22 2006 World Tag Team Carlito
47%
37 2021 Raw Tag Team Omos
47%
38 2022 WWE Women's Tag Team 4-Team match Rhea Ripley
47%
VIII 1992 WWF Tag Team Ted DiBiase
47%
IX 1993 WWF Tag Team Ted DiBiase
47%
35 2019 WWE Women's Tag Team 4-Team Match Billie Kay
46%
38 2022 Raw Tag Team 3-Team Match Chad Gable
46%
XXX 2014 WWE Tag Team 4-Team Elimination Match Diego
46%
31 2015 WWE Tag Team 4-Team Match Diego
46%
XXVIII 2012 WWE Tag Team 3-Team Match Primo
46%
X-8 2002 WWF Tag Team 4-Team Elimination Match Faarooq
45%
XX 2004 WWE Tag Team 4-Team Match Faarooq
45%
XXX 2014 WWE Tag Team 4-Team Elimination Match Jack Swagger
45%
XX 2004 WWE Tag Team 4-Team Match Rikishi
45%
X-8 2002 WWF Tag Team 4-Team Elimination Match Bradshaw
44%
XX 2004 WWE Tag Team 4-Team Match Bradshaw
44%
X-8 2002 WWF Tag Team 4-Team Elimination Match Chuck
44%
XXVIII 2012 WWE Tag Team 3-Team Match Epico
44%
XXX 2014 WWE Tag Team 4-Team Elimination Match Fernando
44%
31 2015 WWE Tag Team 4-Team Match Fernando
44%
38 2022 Raw Tag Team 3-Team Match Otis
44%
35 2019 WWE Women's Tag Team 4-Team Match Peyton Royce
44%
35 2019 SmackDown Tag Team 4-Team Match Shinsuke Nakamura
44%
38 2022 SmackDown Tag Team Shinsuke Nakamura
44%
XI 1995 WWF Tag Team Yokozuna
44%
XXVIII 2012 WWE Tag Team 3-Team Match Tyson Kidd
42%
31 2015 WWE Tag Team 4-Team Match Tyson Kidd
42%
I 1985 WWF Tag Team Mike Rotundo
41%
VI 1990 WWF Tag Team Andre the Giant
40%
35 2019 Raw Tag Team Dash Wilder
40%
VIII 1992 WWF Tag Team Irwin R. Schyster
39%
IX 1993 WWF Tag Team Irwin R. Schyster
39%
35 2019 Raw Tag Team Scott Dawson
39%
35 2019 Raw Tag Team Zack Ryder
39%
II 1986 WWF Tag Team Brutus Beefcake
38%
IX 1993 WWF Tag Team Brutus Beefcake
38%
X 1994 WWF Tag Team Mabel
38%
37 2021 WWE Women's Tag Team Shayna Baszler
38%
38 2022 WWE Women's Tag Team 4-Team match Shayna Baszler
38%
38 2022 WWE Women's Tag Team 4-Team match Carmella
37%
XL 2024 Undisputed WWE Tag Team 12-Pack Ladder match Pete Dunne
37%
35 2019 SmackDown Tag Team 4-Team Match Ricochet
36%
XIX 2003 WWE Tag Team 3-Team Match Rhyno
35%
22 2006 World Tag Team Chris Masters
34%
35 2019 Raw Tag Team Curt Hawkins
34%
VI 1990 WWF Tag Team Haku
34%
I 1985 WWF Tag Team Barry Windham
33%
35 2019 WWE Women's Tag Team 4-Team Match Beth Phoenix
33%
VIII 1992 WWF Tag Team Earthquake
33%
XV 1999 WWF Tag Team Jeff Jarrett
33%
35 2019 SmackDown Tag Team 4-Team Match Rusev
33%
XX 2004 WWE Tag Team 4-Team Match Scotty 2 Hotty
33%
XL 2024 Undisputed WWE Tag Team 12-Pack Ladder match Tyler Bate
33%
XV 1999 WWF Tag Team D'Lo Brown
32%
II 1986 WWF Tag Team Greg Valentine
32%
I 1985 WWF Tag Team Nikolai Volkoff
32%
IV 1988 WWF Tag Team Rick Martel
32%
XV 1999 WWF Tag Team Test
32%
I 1985 WWF Tag Team The Iron Sheik
31%
IV 1988 WWF Tag Team Tito Santana
31%
35 2019 SmackDown Tag Team 4-Team Match Aleister Black
30%
XX 2004 World Tag Team 4-Team Match Rene Dupree
30%
38 2022 SmackDown Tag Team Rick Boogs
30%
VIII 1992 WWF Tag Team Typhoon
30%
XXX 2014 WWE Tag Team 4-Team Elimination Match Curtis Axel
29%
38 2022 WWE Women's Tag Team 4-Team match Queen Zelina
28%
XX 2004 World Tag Team 4-Team Match Rob Conway
28%
13 1997 WWF Tag Team Vader
28%
XXVIII 2012 WWE Tag Team 3-Team Match Justin Gabriel
27%
36 2020 Raw Tag Team Angel Garza
25%
V 1989 WWF Tag Team 3-on-2 Handicap Match The Barbarian
25%
V 1989 WWF Tag Team 3-on-2 Handicap Match The Warlord
25%
VII 1991 WWF Tag Team Brian Knobbs
24%
V 1989 WWF Tag Team 3-on-2 Handicap Match Mr. Fuji
24%
VII 1991 WWF Tag Team Jerry Sags
23%
XXX 2014 WWE Tag Team 4-Team Elimination Match Ryback
23%
XX 2004 WWE Tag Team 4-Team Match Danny Basham
22%
XX 2004 WWE Tag Team 4-Team Match Doug Basham
22%
X 1994 WWF Tag Team Quebecer Jacques
22%
X 1994 WWF Tag Team Quebecer Pierre
20%
XX 2004 World Tag Team 4-Team Match Garrison Cade
15%
XX 2004 World Tag Team 4-Team Match Mark Jindrak
14%
No matching quizzes found
Score Distribution
Percent of People with Each Score
Percentile by Number Answered
Your Score History
You have not taken this quiz since the last reset